000 01091nam2a2200205 4500
001 RU\NLR\PER_A\010558018_000230
005 20250626070052.0
035 _a(NLR Aleph) 011446131
090 _a11728437
_c11728437
100 _a20170728d2017 |||y0rusy50 ca
101 0 _arus
102 _aRU
200 0 _a2017, № 2
210 _d2017
_aБ. м.
461 0 _1001RU\NLR\Per\1088298
_12001#$aComputational nanotechnology$dВычислительные нaнотехнологии$eнаучный рецензируемый журнал$eрецензируемое научное периодическое издание$fИзд. дом "Юр-ВАК"$zrus$v2017, № 2
_910367412
_cМосква
_d2014 -
_fИзд. дом "Юр-ВАК"
_lВычислительные нaнотехнологии
_nЮр-ВАК
_oнаучный рецензируемый журнал : рецензируемое научное периодическое издание
_tComputational nanotechnology
_x2313-223X
_v2017, № 2
852 _aNLR
_jП2/1116
942 _cISSUE
980 _aNB
980 _aRUSPER